| 000 | 00690cam a2200205 a 4500 | ||
|---|---|---|---|
| 001 | 2107510 | ||
| 005 | 20250701142651.0 | ||
| 008 | 960708s1996 tnua b 001 0 eng | ||
| 020 |
_a0687008522 _qpbk. : alk. paper |
||
| 020 |
_a9780687008520 _q(pbk. : alk. paper) |
||
| 050 | 0 | 0 |
_aBS2650.2 _b.C68 1996 |
| 082 | 0 | 0 |
_a227/.06 _220 |
| 100 | 1 | _aCousar, Charles B. | |
| 245 | 1 | 4 |
_aThe letters of Paul / _cCharles B. Cousar ; general editors, Gene M. Tucker, Old Testament ; Charles B. Cousar, New Testament. |
| 260 |
_aNashville : _bAbingdon Press, _cc1996. |
||
| 300 |
_a212 p. : _bill. ; _c23 cm. |
||
| 440 | 0 | _aInterpreting Biblical texts | |
| 700 | 1 | _aTucker, Gene M. | |
| 942 |
_2lcc _cBK _n0 |
||
| 999 |
_c6804 _d6804 |
||